Statistiken für Ozeanien Karten-Quiz

Klicken Sie hier um das Quiz zu spielen!

Allgemein

  • Dieses Quiz wurde 18.459 mal gespielt
  • Das Durchschnittsergebnis liegt bei 8 aus 16

Antworten auf der Karte

Die Antworten werden auf der Karte rot bzw. grün angezeigt, abhängig davon wie oft sie richtig erraten wurden.
Laden ...
 

Antwortstatistiken

Antwort% Korrekt
Australien
99%
Neuseeland
94%
Papua-Neuguinea
90%
Mikronesien
56%
Fidschi
50%
Salomonen
49%
Kiribati
48%
Marshallinseln
46%
Nauru
45%
Palau
45%
Samoa
38%
Französisch-Polynesien
35%
Neukaledonien (Frankreich)
34%
Tonga
33%
Vanuatu
31%
Tuvalu
28%

Verteilung der Resultate

Perzentil nach korrekt beantworteten Fragen

Anzahl Personen mit jedem Resultat

Ihre Resultats-Entwicklung

Sie haben dieses Quiz noch nicht gespielt